| 000 | 00902nam a2200265 a 4500 | ||
|---|---|---|---|
| 001 | 36045 | ||
| 003 | BD-RjUL | ||
| 005 | 20211209052426.0 | ||
| 008 | 140615s1971 nyu 001 0 eng d | ||
| 020 |
_a0394315367 _c: IRs. 7.50 |
||
| 035 |
_a(BD-RjUL)36142 _a(UkLCURL)o00000073522 |
||
| 040 |
_aDLC _cDLC _dBD-RjUL _beng |
||
| 041 | _aeng | ||
| 082 | 1 | 4 |
_a320 _219 _bEAP 1971 |
| 100 | 1 |
_aEaston, David, _d1917- _9109161 |
|
| 245 | 1 | 4 |
_aThe political system : _ban inquiry into the state of political science / _cDavid Easton. |
| 250 | _a2nd ed. ,Indian ed. | ||
| 260 |
_aCalcutta : _bScientific Book Agency, _cc1971. |
||
| 300 |
_axx, 377, x p. ; _c21 cm. |
||
| 500 | _a"Published with the assistance of the Joint Indian-American Textbook Program" | ||
| 504 | _aIncludes bibliographical references and index. | ||
| 650 | 0 |
_aPolitical science. _9109721 |
|
| 942 |
_2ddc _cBK |
||
| 999 |
_c36045 _d36045 |
||